|
|
|
|
| LEADER |
00000nam a22000007a 4500 |
| 005 |
2020102302332.0 |
| 007 |
cr|||| |||| |
| 008 |
201023s2020 mx |||||s|||| 00||0 spa d |
| 020 |
|
|
|a 978-368-726-959-5
|
| 035 |
|
|
|a 32099
|
| 040 |
|
|
|a vLex
|
| 090 |
|
|
|c 10787
|d 10787
|
| 100 |
1 |
|
|a Ruiz Rojas, Reň
|
| 245 |
1 |
0 |
|a Asamblea de socios o accionistas en las sociedades mercantiles 2020
|h [Recurso electrn̤ico] /
|c Ren ̌Ruiz Rojas
|
| 256 |
|
|
|a Servicio en ln̕ea
|
| 260 |
|
|
|a Ciudad de Mx̌ico:
|b Ediciones Fiscales ISEF,
|c 2020
|
| 300 |
|
|
|a 1 recurso electrn̤ico
|
| 500 |
|
|
|a Este libro contiene las normas a que deben sujetarse las sociedades ann̤imas y, en forma automt̀ica, a la comandita por acciones y de responsabilidad limitada, recomendando que los estatutos constitutivos y las disposiciones contenidas en la Ley General de Sociedades Mercantiles representen la base a que deben someterse los socios o accionistas para evitar caer en una serie de errores comunes; no respetar el procedimiento de la asamblea tiene aparejado consecuencias legales.
|
| 506 |
1 |
|
|a Disponible solo en los productos indicados
|d vLex Global
|d vLex Global (Academic Edition, excluding Law Schools)
|d vLex Global (U.S. Academic Edition, Law Schools)
|d vLex Global (U.S. Academic Edition, excluding Law Schools)
|d vLex Global (Academic Edition, Law Schools)
|
| 650 |
0 |
4 |
|a Sociedades
|z Mx̌ico
|
| 740 |
0 |
|
|a vLex Libros (Servicio en ln̕ea)
|
| 856 |
4 |
0 |
|u http://vlex.com/source/asamblea-de-socios-o-accionistas-en-las-sociedades-mercantiles-2020-32099
|z Acceso restringido
|
| 942 |
|
|
|c BOOK
|
| 999 |
0 |
|
|a Societies
|